Statistics for 10 Countries That Come Directly Before Sweden Alphabetically

Click here to take the quiz!

General Stats

  • This quiz has been taken 158 times
    (73 since last reset)
  • The average score is 7 of 9

Answer Stats

Answer% Correct
South Korea
88%
South Sudan
88%
South Africa
85%
Sudan
83%
Somalia
79%
Spain
76%
Suriname
73%
Sri Lanka
67%
Solomon Islands
65%

Score Distribution

Percentile by Number Answered

Percent of People with Each Score

Your Score History

You have not taken this quiz since the last reset